Dynamo or dynamite? : (Record no. 16147)

000 -LEADER
fixed length control field 00437cam a2200157 a 4500
020 ## - INTERNATIONAL STANDARD BOOK NUMBER
ISBN 1901919196
040 ## - CATALOGING SOURCE
Transcribing agency DLC
082 ## - DEWEY DECIMAL CLASSIFICATION NUMBER
Classification number 327 ASE 1999 A089 Or.
245 00 - TITLE STATEMENT
Title Dynamo or dynamite? :
Remainder of title Cambodia's future in ASEAN /
246 30 - VARYING FORM OF TITLE
Title proper/short title Cambodia's future in ASEAN
260 ## - PUBLICATION, DISTRIBUTION, ETC. (IMPRINT)
Place of publication London :
Name of publisher Asean Academic Press,
Year of publication c1999 [i.e. 1998]
300 ## - PHYSICAL DESCRIPTION
Number of Pages 245 p. ;
Dimensions 23 cm.
700 1# - ADDED ENTRY--PERSONAL NAME
Personal name Kao, Kim Hourn.
700 1# - ADDED ENTRY--PERSONAL NAME
Personal name Kaplan, Jeffrey A.
942 ## - ADDED ENTRY ELEMENTS (KOHA)
Koha item type សៀវភៅភាសាអង់គ្លេស
952 ## - LOCATION AND ITEM INFORMATION (KOHA)
Withdrawn status [LOCAL, KOHA] 0
Holdings
Permanent Location Date acquired Koha item type Lost status Shelving location Barcode Current Location Full call number
Library Block A2018-01-16សៀវភៅភាសាអង់គ្លេស A089A25072Library Block A327 ASE 1999 A089 Or.
មជ្ឈមណ្ឌលឯការនៃសាកលវិទ្យាល័យភូមិន្ទកសិកម្មចំការដូង

Powered by Koha